| 000 | 00432nam a2200145Ia 4500 | ||
|---|---|---|---|
| 005 | 20251222152714.0 | ||
| 008 | 251222s9999||||xx |||||||||||||| ||spa|| | ||
| 020 | _a9786124597497 | ||
| 082 | _a348.6/I52 | ||
| 100 | _aInfantes Cardenas, Gisela Margot | ||
| 245 | 0 | _aRegistro de Planillas Electrónicas-PDT 601 Declaración Jurada Mensual IGV y Renta-PDT621 | |
| 250 | _a1ra.ed. | ||
| 264 | _bPacifico Editores S.A. | ||
| 942 | _cLIB | ||
| 999 |
_c29330 _d29330 |
||